000 00433pab a2200169 454500
008 180718b2011 xxu||||| |||| 00| 0 eng d
100 _aTeltumbde, Anand
245 _aFrom the underbelly of Swarnim Gujarat
260 _c2011
300 _ap.10-11.
362 _a2 Apr
650 _aBackward classes - India - Gujarat
650 _aBackward classes
773 _aEconomic and Political Weekly
908 _aN
909 _a91229
999 _c91229
_d91229